000
00293nam a2200109 a 4500
001
4140
005
20140414131955.0
008
090218s19uu xx 00 eng d
050
_a
TR 574.5
_b
P58 2005
245
_a
A Picture-perfect world :
_b
a hidden-in-the picture nature book.
999
_c
112901
_d
112901